|
|
|
|
| LEADER |
00000nab a2200000 a 4500 |
| 001 |
vtls008300455 |
| 003 |
SK-MaSNL |
| 005 |
20260303075203.0 |
| 008 |
050930 2005 xo m 000 0 slo |
| 015 |
|
|
|a SNBRB2005/09
|
| 038 |
|
|
|a KEKMK
|
| 040 |
|
|
|a KEKMK
|b slo
|c KEKMK
|e AACR2
|
| 041 |
0 |
|
|a slo
|
| 044 |
|
|
|a xo
|c SK
|
| 080 |
|
|
|a 82-93
|2 UDC-MRF-SK
|
| 100 |
1 |
|
|a Nienacki, Zbigniew,
|d 1929-1994
|4 aut
|9 278545
|
| 245 |
1 |
0 |
|a Pán Tragáčik
|c Zbigniew Nienacki
|
| 600 |
1 |
7 |
|a Nienacki, Zbigniew,
|d 1929-1994
|2 kekmk
|9 278545
|
| 773 |
0 |
|
|t Zornička : časopis pre školákov
|g Roč. 57/67, č.10 (2005), s.20-21
|x 0139-8962
|
| 852 |
|
|
|a KEKMK
|b KIS3G
|
| 999 |
|
|
|c 1774707
|d 1776637
|